header

Rich man's war (Record no. 132792)

MARC details
000 -LEADER
fixed length control field 01509nam a2200349Ia 4500
082 04 - DEWEY DECIMAL CLASSIFICATION NUMBER
Classification number 975.8
100 1# - MAIN ENTRY--AUTHOR NAME
Personal name Williams, David,
245 10 - TITLE STATEMENT
Title Rich man's war
260 ## - PUBLICATION, DISTRIBUTION, ETC. (IMPRINT)
Place of publication Athens, Ga. :
Name of publisher University of Georgia Press,
Year of publication 1998.
300 ## - PHYSICAL DESCRIPTION
Number of Pages xiv, 288 p. :
Other physical details ill., maps.
500 ## - GENERAL NOTE
General note "Sponsored by the Historic Chattahoochee Commission."
856 40 - ELECTRONIC LOCATION AND ACCESS
Uniform Resource Identifier http://site.ebrary.com/lib/rucke/Doc?id=10466237

No items available.

© 2026 Rongo University
Contact us: librarian | system librarian | Rongo university